000 01085nam0a2200265 4500
001 RU\NLR\BIBL_A\022436252
005 20250806205045.0
035 _a(NLR Aleph) 022436252
090 _a73704
_c73704
100 _a20250127d1945 u y0rusy50 ca
101 0 _akaz
_crus
102 _aKZ
105 _ay z 000 y
181 0 _ai
_baxxe
182 0 _an
200 1 _aКолхоздағы тӯқымдық учаскелердiң меңгерушiсiне ескерткiш
_fМ. Е. Ткаченко
_gҚазақ ССР Жер Халық Комиссариаты
203 _aТекст
_bвизуальный
_cнепосредственный
210 _aАлматы
_cҚазақтың Біріккен Мемлекеттік Баспасы
_d1945
215 _a66, [1] с.
_d13
541 1 _aПамятка заведующему семенными участками в колхозе
700 1 _aТкаченко
_bМ. Е.
_3RU\NLR\AUTH\773464
_4070
942 _cBOOK
945 _aРоссийская национальная библиотека
980 _aBV